| 000 | 00601nam a2200181 i 4500 | ||
|---|---|---|---|
| 001 | 66170 | ||
| 003 | ES-MaACL | ||
| 005 | 20230906165546.0 | ||
| 007 | t| | ||
| 008 | 040128s1971 sp ||||1| spa d | ||
| 100 | 1 |
_aGagné, Robert M. _953226 |
|
| 245 | 1 | 4 |
_aLas condiciones del aprendizaje / _cRobert M. Gané ; traducción de Arturo de la Orden Hoz y Antonio González Soler. |
| 260 |
_a[Madrid] : _bAguilar, _c[1971] |
||
| 300 |
_aXV, 273 p. : _bil. ; _c21 cm. |
||
| 700 | 1 |
_aOrden Hoz, Arturo de la. _987178 |
|
| 700 | 1 |
_aGonzález Soler, Antonio. _958974 |
|
| 852 |
_aES-MaACL _jC-38542 _bR.76830 |
||
| 999 |
_c66170 _d66170 |
||